LEADER 00574nam 2200169z- 450 001 9910773068703321 035 $a(CKB)4920000003132232 035 $a(EXLCZ)994920000003132232 100 $a20240109c2013uuuu -u- - 101 0 $aeng 200 10$aWegbegleitung, Trost und Hoffnung : Interdisziplina?re Beitra?ge zum Umgang mit Sterben, Tod und Trauer 210 $aLeverkusen-Opladen$cVerlag Barbara Budrich 517 $aWegbegleitung, Trost und Hoffnung 906 $aBOOK 912 $a9910773068703321 996 $aWegbegleitung, Trost und hoffnung$92290017 997 $aUNINA